000 01038nam a2200361 a 4500
003 AR-BaBNM
005 20251128205726.0
008 082120s2002 ||||||||||||||000 | spa||
020 _a84-7738-066-X
040 _cAR-BaBNM
245 0 0 _aNudos y nexos
_bredes en la escuela
250 _a1ª ed.
260 _aMadrid
_bSíntesis
_c1989
300 _a215 p.
_bil.
490 0 _aMatemáticas: cultura y aprendizaje
_vv. 21
500 _aContiene ejercicios y soluciones de temas tratados en el texto
650 4 _aMATEMATICA
650 4 _aENSEÑANZA DE LAS MATEMATICAS
650 4 _aINFORMATICA
650 4 _aREDES INFORMATICAS
650 4 _aCURRICULO
650 4 _aCENTROS DE INTERES
650 4 _aAPRENDIZAJE MEDIANTE LA PRACTICA
650 4 _aGRAFICOS
651 4 _aEspaña
653 _aINNOVACIONES EDUCATIVAS
700 1 _aCoriat Benarroch, Moisés
700 1 _aSancho Gil, Juana María
700 1 _aGonzalvo Martínez, Pilar
700 1 _aMarín del Moral, Antonio
942 _cBK
998 _cCarmen
999 _c12568
_d12568